ICC Cricket Standings (TEST) - Statistics

General Stats
  • This quiz has been taken 48 times
  • The average score is 8 of 10
Answer Stats
No. Team % Correct
1st India
100%
3rd Australia
92%
2nd Pakistan
92%
4th England
85%
5th South Africa
79%
8th West Indies
77%
9th Bangladesh
74%
7th New Zealand
74%
10th Zimbabwe
74%
6th Sri Lanka
72%
No matching quizzes found
Score Distribution
Percent of People with Each Score
Percentile by Number Answered
Your Score History
You have not taken this quiz